000 00352 a2200169 4500
001 182656
020 _a85-01-03852-0
040 _cMagnum
100 _aAndrade, Carlos Drummond de
240 1 0 _aClaro enigma
_lpor
245 1 0 _aClaro enigma
300 _a127
362 0 _a1995
440 1 _aRecord
697 _aLITERATURA GERAL
942 _cBK
999 _c182656
_d182656